| 000 | 00441 a2200181 4500 | ||
|---|---|---|---|
| 003 | OSt | ||
| 005 | 20230126094429.0 | ||
| 008 | 160615b xxu||||| |||| 00| 0 eng d | ||
| 020 | _a0 | ||
| 040 | _c0 | ||
| 082 |
_a808.0669 _bBEN |
||
| 100 | _aJAMES d. BENNETT | ||
| 245 |
_aWRITING HISTORY PAPERS _cJAMES d. BENNETT |
||
| 260 |
_aNew Delhi _bCosmo _c2007 |
||
| 300 |
_a64 p. _bPB |
||
| 500 | _aP/B | ||
| 942 |
_aNBS _cBK _k907.219 BEN _2ddc |
||
| 999 |
_c343634 _d343634 |
||